| 000 | 01003cam a22002775a 4500 | ||
|---|---|---|---|
| 001 | 14988139 | ||
| 005 | 20180404151556.0 | ||
| 008 | 070830t2007 ctua frb 001 0 eng d | ||
| 020 | _a9781932394757 | ||
| 020 | _a1932394753 | ||
| 040 |
_aGZD _cGZD _dGZD _dBAKER _dYDXCP _dDLC _dEG-ScBUE _beng |
||
| 082 | 0 | 4 |
_a005.2762 _222 _bREI |
| 100 | 1 | _a Reiersøl, Dagfinn. | |
| 245 | 1 | 0 |
_aPHP in Action : _bobjects, design, agility / _cDagfinn Reiersøl, Marcus Baker, Chris Shiflett. |
| 260 |
_aGreenwich : _bManning Publications, _cc.2007. |
||
| 300 |
_axxvi, 525 p. : _bill. ; _c23 cm. |
||
| 504 | _aIncludes bibliographical references and index. | ||
| 650 | 7 |
_aPHP (Computer program language) _2BUEsh _910111 |
|
| 650 | 7 |
_aInternet programming. _2BUEsh _93680 |
|
| 650 | 7 |
_aWeb sites _xDesign. _2BUEsh _97205 |
|
| 653 |
_bGGEN _bCOMSCI _cApril2018 |
||
| 700 | 1 | _aBaker, Marcus. | |
| 700 | 1 | _aShiflett, Chris. | |
| 856 | 4 | 1 |
_3Table of contents _uhttp://www.loc.gov/catdir/toc/fy0802/2007279250.html |
| 942 | _2ddc | ||
| 999 |
_c26476 _d26448 |
||